Structural Steel Design (Record no. 341609)
[ view plain ]
| 000 -LEADER | |
|---|---|
| fixed length control field | 00324nam a22001337a 4500 |
| 020 ## - INTERNATIONAL STANDARD BOOK NUMBER | |
| International Standard Book Number | 9788131511145 |
| 082 ## - DEWEY DECIMAL CLASSIFICATION NUMBER | |
| Classification number | 624.1834 |
| Item number | MAC/ST |
| 100 ## - MAIN ENTRY--PERSONAL NAME | |
| Personal name | MacLaughlin,David |
| 9 (RLIN) | 726 |
| 100 ## - MAIN ENTRY--PERSONAL NAME | |
| Personal name | Estrada,Hector |
| 9 (RLIN) | 727 |
| 245 ## - TITLE STATEMENT | |
| Title | Structural Steel Design |
| 260 ## - PUBLICATION, DISTRIBUTION, ETC. (IMPRINT) | |
| Place of publication, distribution, etc. | New Delhi |
| Name of publisher, distributor, etc. | Cengage Learning |
| Date of publication, distribution, etc. | 2011 |
| 300 ## - PHYSICAL DESCRIPTION | |
| Extent | 284 |
| 942 ## - ADDED ENTRY ELEMENTS (KOHA) | |
| Koha item type | Books (General) |
| Withdrawn status | Lost status | Damaged status | Not for loan | Collection code | Home library | Current library | Shelving location | Date acquired | Source of acquisition | Cost, normal purchase price | Total Checkouts | Full call number | Barcode | Date last seen | Price effective from | Koha item type |
|---|---|---|---|---|---|---|---|---|---|---|---|---|---|---|---|---|
| Kelappaji College of Agricultural Engineering & Technology Library, Tavanur | Kelappaji College of Agricultural Engineering & Technology Library, Tavanur | 30/03/2013 | Aman Book Stall, Calicut | 250.00 | 624.1834 MAC/ST | KAU_KCAEFT-24129 | 01/07/2016 | 01/07/2016 | Books (General) |
